000 00452cam a2200193ua 4500
020 _c5.50
041 _aeng
_h
082 _a542
_bSHU/PR
100 _aShukla, S N .
245 _aPractical chemistry /
_cS N Shukla.
_hTextual Documents
250 _a4 /
_b.
260 _aNew Delhi :
_bS.Chand & Sons ,
_c1965.
300 _a298 ; .
365 _a5.50
504 _a
700 1 _aMohan , Singh .
942 _cBK
999 _c9562
_d9562